Collector properties - technological and economical aspects of introduction of new technologies; Bulletin of the Tomsk Polytechnic University; Vol. 310, № 3
| Parent link: | Bulletin of the Tomsk Polytechnic University/ Tomsk Polytechnic University (TPU).— , 2006-2007 Vol. 310, № 3.— 2007.— [P. 12-15] |
|---|---|
| 1. Verfasser: | |
| Weitere Verfasser: | |
| Zusammenfassung: | Заглавие с титульного листа Электронная версия печатной публикации Practical aspects of applying modern technologies of oil mining have been considered taking into consideration collector properties. Methods of designing radically new facies-sedimentation models in effective reservoirs from the viewpoint of collector facies heterogeneity and use of individual development systems within the isolated heterogeneity zones were laid as a basis of increasing efficiency of carbohydrates pool development. |
| Sprache: | Englisch |
| Veröffentlicht: |
2007
|
| Schriftenreihe: | Earth science |
| Schlagworte: | |
| Online-Zugang: | http://www.lib.tpu.ru/fulltext/v/Bulletin_TPU/2007/v310eng/i3/03.pdf |
| Format: | MixedMaterials Elektronisch Buchkapitel |
| KOHA link: | https://koha.lib.tpu.ru/cgi-bin/koha/opac-detail.pl?biblionumber=182058 |
MARC
| LEADER | 00000nla2a2200000 4500 | ||
|---|---|---|---|
| 001 | 182058 | ||
| 005 | 20231031171207.0 | ||
| 035 | |a (RuTPU)RU\TPU\book\197340 | ||
| 035 | |a RU\TPU\book\197337 | ||
| 090 | |a 182058 | ||
| 100 | |a 20100616d2007 k y0rusy50 ca | ||
| 101 | 1 | |a eng |c rus | |
| 102 | |a RU | ||
| 135 | |a drnn ---uucaa | ||
| 200 | 1 | |a Collector properties - technological and economical aspects of introduction of new technologies |b Electronic resource |f I. N. Koshovkin, V. B. Belozerov | |
| 203 | |a Text |c electronic | ||
| 215 | |a 1 файл (278 Кб) | ||
| 225 | 1 | |a Earth science | |
| 230 | |a Электронные текстовые данные (1 файл : 278 Кб) | ||
| 300 | |a Заглавие с титульного листа | ||
| 300 | |a Электронная версия печатной публикации | ||
| 320 | |a [Bibliography: p. 15 (6 titles)] | ||
| 330 | |a Practical aspects of applying modern technologies of oil mining have been considered taking into consideration collector properties. Methods of designing radically new facies-sedimentation models in effective reservoirs from the viewpoint of collector facies heterogeneity and use of individual development systems within the isolated heterogeneity zones were laid as a basis of increasing efficiency of carbohydrates pool development. | ||
| 337 | |a Adobe Reader | ||
| 461 | 1 | |0 (RuTPU)RU\TPU\book\169973 |t Bulletin of the Tomsk Polytechnic University |f Tomsk Polytechnic University (TPU) |d 2006-2007 | |
| 463 | 1 | |0 (RuTPU)RU\TPU\book\197326 |t Vol. 310, № 3 |v [P. 12-15] |d 2007 |p 101 p. | |
| 610 | 1 | |a properties | |
| 610 | 1 | |a collectors | |
| 610 | 1 | |a technological aspects | |
| 610 | 1 | |a economical aspects | |
| 610 | 1 | |a new technologies | |
| 610 | 1 | |a practical aspects | |
| 610 | 1 | |a modern technologies | |
| 610 | 1 | |a oil mining | |
| 610 | 1 | |a developments | |
| 610 | 1 | |a methods | |
| 610 | 1 | |a facies-sedimentation models | |
| 610 | 1 | |a effective reservoirs | |
| 610 | 1 | |a facies heterogeneity | |
| 610 | 1 | |a труды учёных ТПУ | |
| 610 | 1 | |a электронный ресурс | |
| 675 | |a 551.31 |v 3 | ||
| 700 | 1 | |a Koshovkin |b I. N. | |
| 701 | 1 | |a Belozerov |b V. B. |c geologist |c Professor of Tomsk Polytechnic University, doctor of geological-mineralogical Sciences |f 1951- |g Vladimir Borisovich |2 stltpush |3 (RuTPU)RU\TPU\pers\33275 | |
| 801 | 1 | |a RU |b 63413507 |c 20090623 |g PSBO | |
| 801 | 2 | |a RU |b 63413507 |c 20160810 |g PSBO | |
| 856 | 4 | |u http://www.lib.tpu.ru/fulltext/v/Bulletin_TPU/2007/v310eng/i3/03.pdf | |
| 942 | |c CF | ||